[Event "XXIX Miedzynarodowy Festiwal Szachowy CRACOVIA-2018 Grupa A"]
[Site "Krakow, Hotel Galaxy, ul. Gesia 22a"]
[Date "2018.12.27"]
[Round "1.33"]
[White "Sanz Losada, Victoriano"]
[Black "Krishnater, Kushager"]
[Result "1/2-1/2"]
[WhiteElo "2121"]
[BlackElo "2305"]
[PlyCount "50"]
[EventDate "2018.??.??"]

1. d4 Nf6 2. c4 e6 3. Nc3 Bb4 4. e3 O-O 5. Nge2 c6 6. Ng3 d5 7. cxd5 exd5 8.
Bd3 Re8 9. O-O Nbd7 10. a3 Bd6 11. Nf5 Bc7 12. f3 Nf8 13. Qc2 g6 14. Ng3 Qd6
15. b4 Ne6 16. Qf2 Nh5 17. Rd1 a5 18. Bd2 axb4 19. axb4 Rxa1 20. Rxa1 Bd7 21.
Nce2 Qf8 22. Nf1 Ra8 23. Qe1 Bd6 24. Rxa8 Qxa8 25. Qb1 Qe8 1/2-1/2

[Event "XXIX Miedzynarodowy Festiwal Szachowy CRACOVIA-2018 Grupa A"]
[Site "Krakow, Hotel Galaxy, ul. Gesia 22a"]
[Date "2018.12.27"]
[Round "1.37"]
[White "Lomakin, Viktor"]
[Black "Belous, Mikhail"]
[Result "0-1"]
[WhiteElo "2106"]
[BlackElo "2299"]
[PlyCount "66"]
[EventDate "2018.??.??"]

1. d4 Nf6 2. c4 g6 3. Nc3 Bg7 4. e4 d6 5. Nf3 O-O 6. Be2 e5 7. O-O Nc6 8. d5
Ne7 9. Ne1 Nd7 10. Nd3 f5 11. Bd2 Nf6 12. f3 f4 13. c5 g5 14. cxd6 cxd6 15. Nf2
Ng6 16. Qc2 Rf7 17. Rfc1 a6 18. a4 b6 19. Na2 h5 20. h3 Nh4 21. Qb3 Bf8 22. Nb4
g4 23. Nc6 Qe8 24. hxg4 hxg4 25. fxg4 Rg7 26. g3 Nxg4 27. gxh4 Qh5 28. Ne7+
Bxe7 29. Rxc8+ Rxc8 30. Qh3 Nxf2+ 31. Kxf2 Qxh4+ 32. Qxh4 Bxh4+ 33. Kf1 Rc2 0-1

[Event "XXIX Miedzynarodowy Festiwal Szachowy CRACOVIA-2018 Grupa A"]
[Site "Krakow, Hotel Galaxy, ul. Gesia 22a"]
[Date "2018.12.27"]
[Round "1.45"]
[White "Golenia, Jan"]
[Black "Marszalek, Maciej"]
[Result "1/2-1/2"]
[WhiteElo "2059"]
[BlackElo "2280"]
[PlyCount "79"]
[EventDate "2018.??.??"]

1. d4 Nf6 2. c4 c5 3. d5 e6 4. Nc3 exd5 5. cxd5 d6 6. Nf3 g6 7. e4 Bg7 8. Be2
O-O 9. h3 b5 10. Bxb5 Nxe4 11. Nxe4 Qa5+ 12. Nc3 Bxc3+ 13. bxc3 Qxb5 14. Be3
Ba6 15. h4 Qc4 16. Rc1 Nd7 17. h5 Rae8 18. Ng5 Re5 19. Nxh7 Rxd5 20. Qf3 Rf5
21. Qd1 Re8 22. Rc2 Qd3 23. Qxd3 Bxd3 24. Rd2 c4 25. hxg6 fxg6 26. Rb2 Nb6 27.
g4 Rf7 28. Ng5 Rf4 29. Kd1 Rxg4 30. f3 Nd5 31. fxg4 Nxe3+ 32. Kd2 Nxg4 33. Re1
Ne5 34. Rb7 Rf8 35. Ne6 Rf2+ 36. Kc1 Rc2+ 37. Kd1 Rh2 38. Nf4 Rxa2 39. Rb8+ Kg7
40. Re3 1/2-1/2

[Event "XXIX Miedzynarodowy Festiwal Szachowy CRACOVIA-2018 Grupa A"]
[Site "Krakow, Hotel Galaxy, ul. Gesia 22a"]
[Date "2018.??.27"]
[Round "1.51"]
[White "Wikar, Martyna"]
[Black "Zochowski, Kacper"]
[Result "1/2-1/2"]
[WhiteElo "2016"]
[BlackElo "2271"]
[PlyCount "119"]
[EventDate "2018.??.??"]

1. e4 d6 2. d4 Nf6 3. Nc3 e5 4. Nf3 Nbd7 5. Bc4 Be7 6. O-O O-O 7. h3 c6 8. a3
b5 9. Ba2 Rb8 10. Be3 Qc7 11. Re1 Nb6 12. Qe2 a6 13. Rad1 h6 14. Bc1 Re8 15.
Qf1 Bf8 16. g3 a5 17. b4 axb4 18. axb4 Ra8 19. Bb3 Na4 20. Nxa4 bxa4 21. Ba2
exd4 22. Nxd4 Rxe4 23. Rxe4 Nxe4 24. Bb2 Nf6 25. Qc4 Bxh3 26. Qxc6 Qxc6 27.
Nxc6 Rc8 28. b5 Nd7 29. Ba3 Bf5 30. Bxd6 Bxc2 31. Rd2 Be4 32. Bxf8 Bxc6 33.
Bxg7 Bxb5 34. Bxh6 Ne5 35. Rd6 Bc4 36. Bxc4 Nxc4 37. Ra6 a3 38. Bc1 Nb2 39. Bd2
Rc2 40. Ra8+ Kh7 41. Bb4 Nd3 42. Bxa3 Nxf2 43. Bd6 Kg6 44. Ra5 f5 45. Kf1 Kg5
46. Ra3 Ne4 47. Bf4+ Kg4 48. Rd3 Rf2+ 49. Kg1 Ra2 50. Kf1 Rc2 51. Ra3 Nc3 52.
Be5 Ne4 53. Bf4 Kh3 54. Ra5 Rf2+ 55. Kg1 Rb2 (55... Rg2+ 56. Kf1 Rf2+ 57. Kg1
Rb2 58. Kf1 Rb1+ 59. Ke2 Kg4 60. Ra3 Rg1 61. Bc7 Rb1 62. Be5 Rb4 63. Bf4 Nc5
64. Rc3 Ne6 65. Be5 Re4+ 66. Re3 Ra4 67. Rd3 Ra2+ 68. Ke3 Ra5 69. Bd6 Ra1 70.
Rb3 Ng5 71. Rb4+ Ne4 72. Rxe4+ fxe4 73. Kxe4) 56. Kf1 Rb1+ 57. Ke2 Kg4 58. Ra3
Rg1 59. Bc7 Rb1 60. Be5 1/2-1/2

[Event "XXIX Miedzynarodowy Festiwal Szachowy CRACOVIA-2018 Grupa A"]
[Site "Krakow, Hotel Galaxy, ul. Gesia 22a"]
[Date "2018.??.27"]
[Round "1.52"]
[White "Majek, Kacper"]
[Black "Piotrowski, Przemyslaw"]
[Result "0-1"]
[WhiteElo "2011"]
[BlackElo "2269"]
[PlyCount "160"]
[EventDate "2018.??.??"]

1. d4 Nf6 2. c4 g6 3. Nc3 Bg7 4. Nf3 O-O 5. e4 d6 6. Be2 e5 7. O-O exd4 8. Nxd4
Nc6 9. Be3 Re8 10. f3 Nh5 11. Qd2 Nf4 12. Nxc6 Nxe2+ 13. Nxe2 bxc6 14. Bd4 Ba6
15. Bxg7 Kxg7 16. Qa5 Qc8 17. Nd4 c5 18. Nc2 Bb7 19. Ne3 Qd8 20. Ng4 h5 21.
Qc3+ f6 22. Ne3 Qe7 23. Rfd1 Qe5 24. Rac1 a5 25. Nd5 Bxd5 26. Rxd5 Qxc3 27.
Rxc3 Reb8 28. Rd2 a4 29. Kf2 Kf7 30. Ke3 Ke6 31. Ra3 g5 32. Kd3 h4 33. Ke3 Rb4
34. b3 axb3 35. Rxa8 b2 36. Rd1 b1=Q 37. Rxb1 Rxb1 38. Re8+ Kd7 39. Rf8 Ke7 40.
Rc8 Kd7 41. Rf8 Ke6 42. g3 Rb2 43. gxh4 gxh4 44. h3 Rh2 45. Re8+ Kd7 46. Rf8
Ke7 47. Rc8 Rxh3 48. Rxc7+ Ke6 49. Rh7 Rh2 50. f4 Rh3+ 51. Kd2 Rh1 52. a4 h3
53. Ke3 Re1+ 54. Kf3 Ra1 55. Rxh3 Rxa4 56. Rh8 Rxc4 57. Re8+ Kd7 58. Rf8 Ke7
59. Rc8 Rc1 60. Kg4 c4 61. Kf5 Kd7 62. Rh8 c3 63. Rh2 Rf1 64. Rc2 Rf3 65. Kg4
Rd3 66. Kf5 Rf3 67. Kg4 Re3 68. Kf5 Kc6 69. Kxf6 Kc5 70. e5 d5 71. e6 d4 72. f5
Kc4 73. Ke7 d3 74. Rxc3+ Kxc3 75. f6 d2 76. f7 Rf3 77. f8=Q Rxf8 78. Kxf8 d1=Q
79. e7 Qf3+ 80. Kg7 Qe4 0-1

[Event "XXIX Miedzynarodowy Festiwal Szachowy CRACOVIA-2018 Grupa A"]
[Site "Krakow, Hotel Galaxy, ul. Gesia 22a"]
[Date "2018.??.27"]
[Round "1.53"]
[White "Chylewski, Patryk"]
[Black "Mirski, Michal"]
[Result "1-0"]
[WhiteElo "2268"]
[BlackElo "2011"]
[PlyCount "99"]
[EventDate "2018.??.??"]

1. d4 d6 2. Nf3 Nf6 3. c4 g6 4. Nc3 Bg7 5. e4 O-O 6. Be2 a6 7. O-O c6 8. a4 a5
9. h3 Na6 10. Bg5 Nb4 11. Qd2 Re8 12. Rfd1 Qc7 13. Rac1 Be6 14. d5 Bc8 15. Bf4
Nd7 16. Be3 Nc5 17. Bxc5 dxc5 18. Qe3 b6 19. e5 Bf5 20. e6 cxd5 21. exf7+ Kxf7
22. cxd5 Kg8 23. Bc4 Kh8 24. g4 Nc2 25. Rxc2 Bxc2 26. Rd2 Bxa4 27. Nxa4 Rf8 28.
Kg2 Qf4 29. Nxb6 Rab8 30. Nd7 Qxc4 31. Nxb8 Rxb8 32. Qxe7 Rf8 33. d6 Qb3 34.
Qe4 Qb4 35. Qxb4 axb4 36. b3 Rd8 37. Ng5 Rd7 38. Ne6 Be5 39. Nxc5 Rxd6 40. Rxd6
Bxd6 41. Nd3 Kg7 42. f4 Kf6 43. Kf3 h5 44. Ke4 hxg4 45. hxg4 g5 46. f5 Bf8 47.
Kd5 Be7 48. Ne5 Kg7 49. Ke6 Bf6 50. Nd7 1-0

[Event "XXIX Miedzynarodowy Festiwal Szachowy CRACOVIA-2018 Grupa A"]
[Site "Krakow, Hotel Galaxy, ul. Gesia 22a"]
[Date "2018.??.27"]
[Round "1.54"]
[White "Gokhale, Anupama"]
[Black "Gbyl, Andrzej"]
[Result "1/2-1/2"]
[WhiteElo "2009"]
[BlackElo "2266"]
[PlyCount "100"]
[EventDate "2018.??.??"]

1. d4 Nf6 2. c4 g6 3. g3 Bg7 4. Bg2 d6 5. Nf3 O-O 6. O-O Nc6 7. Nc3 a6 8. h3
Rb8 9. e4 e5 10. d5 Na5 11. Nd2 c5 12. Rb1 Qc7 13. a4 Bd7 14. b4 cxb4 15. Rxb4
Rfc8 16. Re1 Bh6 17. Bf1 Nh5 18. Ba3 b6 19. Rb1 f5 20. exf5 Bxd2 21. Qxd2 Bxf5
22. Ne4 Nb7 23. c5 Bxe4 24. Rxe4 Nxc5 25. Bxc5 bxc5 26. Rxb8 Rxb8 27. Bxa6 Nf6
28. Rc4 Rb1+ 29. Rc1 Qb6 30. Bb5 Ne4 31. Qe3 Rxc1+ 32. Qxc1 Qa5 33. Qe3 Qb4 34.
Bd3 Nf6 35. Bc2 c4 36. Qa7 Qb2 37. Qe7 Qxc2 38. Qe6+ Kg7 39. Qe7+ Kg8 40. Qe6+
Kg7 41. Qe7+ Kh6 42. Qxf6 Qb1+ 43. Kg2 Qe4+ 44. Qf3 Qd4 45. Qf8+ Kh5 46. h4 Qd2
47. Qf3+ Kh6 48. Qf8+ Kh5 49. Qf3+ Kh6 50. Qf8+ Kh5 1/2-1/2

[Event "XXIX Miedzynarodowy Festiwal Szachowy CRACOVIA-2018 Grupa A"]
[Site "Krakow, Hotel Galaxy, ul. Gesia 22a"]
[Date "2018.??.27"]
[Round "1.56"]
[White "Musial, Tomasz"]
[Black "Krallis, Christos"]
[Result "1/2-1/2"]
[WhiteElo "1995"]
[BlackElo "2261"]
[PlyCount "127"]
[EventDate "2018.??.??"]

1. d4 Nf6 2. c4 e6 3. Nf3 d5 4. g3 Be7 5. Bg2 O-O 6. O-O c6 7. Qc2 b6 8. Nbd2
Bb7 9. e4 Na6 10. e5 Nd7 11. b3 c5 12. Bb2 Rc8 13. Bc3 Qc7 14. Qb2 Qb8 15. Rac1
cxd4 16. Bxd4 Nb4 17. Qb1 dxc4 18. Nxc4 Qa8 19. Ne1 b5 20. Ne3 Rxc1 21. Qxc1
Bxg2 22. N1xg2 Nc6 23. Qa1 Nxd4 24. Qxd4 Nc5 25. Qg4 Rd8 26. Rd1 Rxd1+ 27. Qxd1
Qe4 28. f4 g5 29. Kf2 gxf4 30. gxf4 Nd3+ 31. Kg3 Qg6+ 32. Kf3 Qh5+ 33. Kg3 Qg6+
34. Kf3 Qh5+ 35. Kg3 Qxd1 36. Nxd1 Nc1 37. Nc3 b4 38. Nb5 Bc5 39. Ne1 a6 40.
Nc7 a5 41. Nb5 Nxa2 42. Nd3 Bb6 43. f5 Nc3 44. Nxc3 bxc3 45. Ne1 exf5 46. Kf4
Bf2 47. Nc2 Kf8 48. Kxf5 Ke7 49. h3 Bg3 50. Ke4 Bh2 51. Ne3 Ke6 52. Kd3 Bxe5
53. Nc4 Bc7 54. Kxc3 Kf5 55. Kd4 Kf4 56. Kc5 f5 57. Kc6 Bd8 58. Kd7 Bf6 59. Ke6
Bc3 60. Nd6 Kg3 61. Kxf5 Kxh3 62. Kg5 Bd2+ 63. Kh5 Kg2 64. Nc4 1/2-1/2

[Event "XXIX Miedzynarodowy Festiwal Szachowy CRACOVIA-2018 Grupa A"]
[Site "Krakow, Hotel Galaxy, ul. Gesia 22a"]
[Date "2018.??.27"]
[Round "1.59"]
[White "Kusnetsov, Sergey"]
[Black "Razumovskiy, Mikhail"]
[Result "1-0"]
[WhiteElo "2257"]
[BlackElo "1974"]
[PlyCount "159"]
[EventDate "2018.??.??"]

1. c4 c6 2. Nf3 Nf6 3. g3 d5 4. Bg2 Bg4 5. Ne5 Be6 6. cxd5 Bxd5 7. Nf3 e5 8. d3
Nbd7 9. Nc3 Be7 10. O-O O-O 11. Qc2 Bxf3 12. Bxf3 Nc5 13. Rb1 Ne6 14. Bg2 Nd4
15. Qd1 a5 16. e3 Ne6 17. Qc2 Nd7 18. Rd1 f5 19. d4 e4 20. Qb3 Rf6 21. Qxb7 Kh8
22. Qb3 Rb8 23. Qc2 Nb6 24. Bd2 Nc7 25. Ne2 a4 26. Ba5 Ncd5 27. Nc3 Ra8 28.
Bxb6 Nxb6 29. Bf1 h5 30. b4 axb3 31. Rxb3 h4 32. Rdb1 Nd5 33. Bc4 Nxc3 34. Qxc3
hxg3 35. hxg3 Kh7 36. Rb7 Rh6 37. d5 Bf6 38. Qb3 cxd5 39. Bxd5 Ra5 40. Rd1 Qe8
41. Rb8 Qe5 42. Bf7 Rxa2 43. Rb5 Rb2 44. Bg8+ Kh8 45. Rxe5 Rxb3 46. Re8 Rd3 47.
Bc4+ Kh7 48. Bxd3 exd3 49. Rxd3 Kg6 50. Rd7 Kg5 51. Kg2 Bb2 52. e4 fxe4 53.
Rd5+ Kg6 54. Rxe4 Rh8 55. Rb4 Bf6 56. g4 Rf8 57. Rb6 Kh7 58. g5 Bc3 59. Rd3 Be5
60. Rh3+ Kg8 61. Rf3 Rc8 62. Rf5 Bd4 63. Rd6 Bc5 64. Rd7 Ba3 65. g6 Bb2 66. Rb5
Bf6 67. Rdb7 Kf8 68. Rb8 Rxb8 69. Rxb8+ Ke7 70. Rb6 Bd4 71. Ra6 Be5 72. Kh3 Bd4
73. f4 Bc3 74. Kg4 Bd4 75. Kf5 Bc3 76. Re6+ Kf8 77. Ke4 Bf6 78. Kd5 Be7 79. Kc6
Ke8 80. Kc7 1-0

[Event "XXIX Miedzynarodowy Festiwal Szachowy CRACOVIA-2018 Grupa A"]
[Site "Krakow, Hotel Galaxy, ul. Gesia 22a"]
[Date "2018.??.27"]
[Round "1.60"]
[White "Rosol, Alexander"]
[Black "Chmiel, Marcin"]
[Result "0-1"]
[WhiteElo "1972"]
[BlackElo "2247"]
[PlyCount "82"]
[EventDate "2018.??.??"]

1. d4 Nf6 2. c4 c5 3. d5 e6 4. Nc3 exd5 5. Nxd5 Nxd5 6. Qxd5 Nc6 7. Bd2 Be7 8.
Bc3 Bf6 9. Qe4+ Qe7 10. Qxe7+ Kxe7 11. Bxf6+ Kxf6 12. O-O-O Rd8 13. g3 d6 14.
Bh3 Be6 15. Bxe6 fxe6 16. Nf3 d5 17. e3 dxc4 18. Nd2 Ne5 19. Ne4+ Ke7 20. Nxc5
b6 21. Ne4 Rd5 22. Rd4 Rad8 23. Rhd1 Nd3+ 24. Kb1 Rxd4 25. exd4 Rxd4 26. Ng5 h6
27. Nf3 Rd5 28. Rd2 Rf5 29. Nd4 Rxf2 30. Rxf2 Nxf2 31. Nc6+ Kd6 32. Nxa7 Ng4
33. h4 Ne3 34. Nb5+ Ke5 35. Nc3 Nf5 36. Ne2 Ke4 37. Kc2 Nd4+ 38. Nxd4 Kxd4 39.
Kd2 h5 40. Kc2 b5 41. Kd2 e5 0-1

[Event "XXIX Miedzynarodowy Festiwal Szachowy CRACOVIA-2018 Grupa A"]
[Site "Krakow, Hotel Galaxy, ul. Gesia 22a"]
[Date "2018.??.27"]
[Round "1.61"]
[White "Kokoszczynski, Jan"]
[Black "Swiech, Joanna"]
[Result "1/2-1/2"]
[WhiteElo "2242"]
[BlackElo "1965"]
[PlyCount "203"]
[EventDate "2018.??.??"]

1. c4 e6 2. Nc3 d5 3. d4 Nf6 4. Nf3 b6 5. Bg5 Be7 6. e3 h6 7. Bf4 Bd6 8. Ne5 c6
9. Bd3 O-O 10. O-O Bb7 11. Rc1 Qe7 12. Qe2 Nbd7 13. Rfd1 c5 14. Bg3 Rfd8 15.
cxd5 exd5 16. Nxd7 Rxd7 17. Bf5 Rdd8 18. Bh4 g5 19. Bg3 Bxg3 20. hxg3 Bc8 21.
Qf3 c4 22. Re1 Bxf5 23. Qxf5 Qe6 24. Qxe6 fxe6 25. e4 Kf7 26. e5 Ne8 27. Re3
Nc7 28. f4 Kg6 29. Rf1 Rf8 30. Ne2 g4 31. Kf2 Rf5 32. Nc3 b5 33. Ree1 Rb8 34.
Ke2 Na6 35. Nd1 h5 36. Ne3 Rff8 37. f5+ exf5 38. Nxd5 Rbd8 39. Nf4+ Kf7 40. d5
Rfe8 41. e6+ Ke7 42. Rh1 Nc7 43. Rd1 Kf6 44. Nxh5+ Ke5 45. Rhe1 Rxd5 46. Kf2+
Kd6 47. Nf6 Rxe6 48. Rxe6+ Kxe6 49. Nxd5 Nxd5 50. Re1+ Kd6 51. Re8 Nb4 52. Ke3
Nxa2 53. Ra8 Nb4 54. Rxa7 Nd3 55. b3 Kc5 56. Rf7 Kb4 57. bxc4 Kxc4 58. Rxf5 b4
59. Kd2 b3 60. Rg5 Nf2 61. Rg8 Ne4+ 62. Kc1 Kc3 63. Rc8+ Kd4 64. Rg8 Kc3 65.
Rc8+ Kd4 66. Kb2 Ke3 67. Re8 Kd3 68. Rg8 Nf2 69. Re8 Ne4 70. Kxb3 Nxg3 71. Rc8
Ne2 72. Re8 g3 73. Kb2 Kd2 74. Rf8 Ke3 75. Rf3+ Kd2 76. Rf8 Ke3 77. Rf3+ Kd2
78. Kb1 Nc3+ 79. Kb2 Ne2 80. Rf1 Nd4 81. Rf4 Ke3 82. Rf8 Ne2 83. Kc2 Nf4 84.
Rxf4 Kxf4 85. Kd3 Kf5 86. Kd4 Kf4 87. Kd3 Kf5 88. Ke3 Ke5 89. Kf3 Kf5 90. Kxg3
Kg5 91. Kf3 Kf5 92. g4+ Kg5 93. Kg3 Kg6 94. Kh4 Kh6 95. g5+ Kg6 96. Kg4 Kg7 97.
Kf5 Kf7 98. g6+ Kg7 99. Kg5 Kg8 100. Kf6 Kf8 101. g7+ Kg8 102. Kg6 1/2-1/2

[Event "XXIX Miedzynarodowy Festiwal Szachowy CRACOVIA-2018 Grupa A"]
[Site "Krakow, Hotel Galaxy, ul. Gesia 22a"]
[Date "2018.12.27"]
[Round "1.62"]
[White "Kozak, Antoni"]
[Black "Hemmerling, Jaroslaw"]
[Result "1-0"]
[WhiteElo "2236"]
[BlackElo "1940"]
[PlyCount "77"]
[EventDate "2018.??.??"]

1. d4 d5 2. c4 e6 3. Nf3 Nf6 4. Nc3 c6 5. e3 Nbd7 6. Be2 dxc4 7. a4 Bb4 8. Bxc4
O-O 9. O-O c5 10. Na2 b6 11. Nxb4 cxb4 12. Qe2 Bb7 13. Bd2 a5 14. Rfd1 Qe7 15.
Be1 Rfd8 16. Rac1 h6 17. Nd2 e5 18. f3 exd4 19. exd4 Qxe2 20. Bxe2 Rac8 21. Bb5
Nf8 22. Nc4 Nd5 23. Bh4 f6 24. Bg3 Ne6 25. Kf2 f5 26. Nd6 Rxc1 27. Rxc1 Ba8 28.
Nxf5 Rf8 29. Bd3 g6 30. Nxh6+ Kh7 31. Ng4 Nxd4 32. Ne5 Nf5 33. Be4 Nfe7 34. Bh4
Nf5 35. Bg5 Re8 36. Bxd5 Bxd5 37. Rc7+ Kg8 38. Nd7 Kh8 39. Nf6 1-0

[Event "XXIX Miedzynarodowy Festiwal Szachowy CRACOVIA-2018 Grupa A"]
[Site "Krakow, Hotel Galaxy, ul. Gesia 22a"]
[Date "2018.??.27"]
[Round "1.63"]
[White "Jijo, Joy"]
[Black "Rakhmangulova, Anastasiya"]
[Result "0-1"]
[WhiteElo "1940"]
[BlackElo "2233"]
[PlyCount "80"]
[EventDate "2018.??.??"]

1. e4 c5 2. Nc3 a6 3. g3 b5 4. Bg2 Bb7 5. d3 e6 6. Bf4 Nf6 7. Nf3 d5 8. e5 Nfd7
9. O-O Be7 10. Re1 g5 11. Bc1 Nc6 12. Nxd5 exd5 13. e6 g4 14. exd7+ Qxd7 15.
Ne5 Nxe5 16. Rxe5 O-O-O 17. Bf4 Bf6 18. Qe1 Rhe8 19. Rxe8 Rxe8 20. Qa5 Bxb2 21.
Rb1 Be5 22. Bxe5 Rxe5 23. c4 dxc4 24. dxc4 Qd3 25. Rc1 Bxg2 26. Kxg2 Kb7 27.
cxb5 axb5 28. Re1 Rxe1 29. Qxe1 Qd5+ 30. Kg1 Qe6 31. Qb1 Kb6 32. a4 b4 33. Qd3
Qc6 34. Qd8+ Ka6 35. Qb8 c4 36. Qxb4 c3 37. Qb1 c2 38. Qc1 Qc4 39. Qh6+ Kb7 40.
Qc1 Qd3 0-1

[Event "XXIX Miedzynarodowy Festiwal Szachowy CRACOVIA-2018 Grupa A"]
[Site "Krakow, Hotel Galaxy, ul. Gesia 22a"]
[Date "2018.12.27"]
[Round "1.64"]
[White "Ustinov, Alexey"]
[Black "Kulesza, Andrzej"]
[Result "1-0"]
[WhiteElo "2232"]
[BlackElo "1934"]
[PlyCount "56"]
[EventDate "2018.??.??"]

1. d4 Nf6 2. c4 g6 3. Nc3 d5 4. cxd5 Nxd5 5. e4 Nxc3 6. bxc3 Bg7 7. Bc4 c5 8.
Ne2 Nc6 9. Be3 cxd4 10. cxd4 O-O 11. O-O b6 12. Qa4 Bb7 13. Bd5 Rc8 14. Rac1
Qd7 15. Bb3 Rfd8 16. d5 Na5 17. Qxd7 Rxd7 18. Rxc8+ Bxc8 19. Rc1 Ba6 20. Ba4
Rd8 21. Nd4 Bxd4 22. Bxd4 Rc8 23. Rxc8+ Bxc8 $11 24. e5 Nb7 25. f4 Kf8 26. Kf2
Nd8 27. g3 Bb7 28. Bb3 Ke8 {Zapis nieczytelny} 1-0

[Event "XXIX Miedzynarodowy Festiwal Szachowy CRACOVIA-2018 Grupa A"]
[Site "Krakow, Hotel Galaxy, ul. Gesia 22a"]
[Date "2018.??.27"]
[Round "1.65"]
[White "Mahitosh, Dey"]
[Black "Sahil, Tickoo"]
[Result "1/2-1/2"]
[WhiteElo "1931"]
[BlackElo "2224"]
[PlyCount "70"]
[EventDate "2018.??.??"]

1. e4 c5 2. Nf3 d6 3. d4 cxd4 4. Nxd4 Nf6 5. Nc3 a6 6. Bg5 e6 7. f4 Be7 8. Qf3
Qc7 9. O-O-O Nbd7 10. g4 h6 11. Bxf6 Bxf6 12. h4 Nb6 13. g5 Bxd4 14. Rxd4 Bd7
15. Be2 O-O-O 16. Rhd1 hxg5 17. hxg5 Bc6 18. Qe3 a5 19. b4 axb4 20. Rxb4 Nd7
21. Qa7 Rh3 22. Rc4 Nb6 23. Nb5 Bxb5 24. Rxc7+ Kxc7 25. Bxb5 Ra8 26. Qxa8 Nxa8
27. e5 dxe5 28. fxe5 Rf3 29. Rd7+ Kb6 30. Bd3 Nc7 31. g6 fxg6 32. Rxg7 Re3 33.
Rxg6 Rxe5 34. Bc4 Kc5 35. Bb3 b6 {zapis nieczytelny} 1/2-1/2

[Event "XXIX Miedzynarodowy Festiwal Szachowy CRACOVIA-2018 Grupa A"]
[Site "Krakow, Hotel Galaxy, ul. Gesia 22a"]
[Date "2018.??.27"]
[Round "1.66"]
[White "Lukasiewicz, Krzysztof"]
[Black "Turski, Bartlomiej"]
[Result "1/2-1/2"]
[WhiteElo "2223"]
[BlackElo "1924"]
[PlyCount "66"]
[EventDate "2018.??.??"]

1. d4 Nf6 2. Bf4 g6 3. Nc3 d5 4. e3 Bg7 5. h4 h5 6. Nf3 Bf5 7. Be2 a6 8. Ne5
Ne4 9. Nxe4 Bxe4 10. f3 Bf5 11. Qd2 Nd7 12. O-O-O Nxe5 13. Bxe5 Bxe5 14. dxe5
c6 15. Qc3 Qb6 16. Rd4 O-O-O 17. Rhd1 Be6 18. Kb1 c5 19. R4d2 Kb8 20. f4 Rd7
21. Bf3 Rhd8 22. Qa3 a5 23. c3 d4 24. cxd4 cxd4 25. Rxd4 Rxd4 26. exd4 Rxd4 27.
Qxe7 Rxd1+ 28. Bxd1 Bf5+ 29. Ka1 Qg1 30. Qd8+ Ka7 31. Qxa5+ Kb8 32. Qd8+ Ka7
33. Qa5+ Kb8 1/2-1/2

[Event "XXIX Miedzynarodowy Festiwal Szachowy CRACOVIA-2018 Grupa A"]
[Site "Krakow, Hotel Galaxy, ul. Gesia 22a"]
[Date "2018.12.27"]
[Round "1.67"]
[White "Trybus, Daniel"]
[Black "Jaskolka, Tomasz"]
[Result "1/2-1/2"]
[WhiteElo "1916"]
[BlackElo "2222"]
[PlyCount "36"]
[EventDate "2018.??.??"]

1. e4 d6 2. Nf3 Nf6 3. Nc3 g6 4. d4 Bg7 5. Bc4 O-O 6. O-O c6 7. e5 Ne8 8. exd6
Nxd6 9. Bb3 Bg4 10. Re1 e6 11. Bg5 Bf6 12. Bh6 Re8 13. h3 Bxf3 14. Qxf3 Nf5 15.
Ne4 Be7 16. Bf4 Nxd4 17. Qc3 c5 18. Nxc5 Nxb3 {Zapis nieczytelny} 1/2-1/2

[Event "XXIX Miedzynarodowy Festiwal Szachowy CRACOVIA-2018 Grupa A"]
[Site "Krakow, Hotel Galaxy, ul. Gesia 22a"]
[Date "2018.12.27"]
[Round "1.68"]
[White "Bus, Konrad"]
[Black "Hetzer, Volkhard"]
[Result "1-0"]
[WhiteElo "2221"]
[BlackElo "1916"]
[PlyCount "67"]
[EventDate "2018.??.??"]

1. d4 d5 2. c4 dxc4 3. Nf3 Nf6 4. g3 g6 5. Bg2 Bg7 6. O-O O-O 7. Na3 c6 8. Nxc4
Be6 9. b3 Bd5 10. Bb2 Nbd7 11. Rc1 Bh6 12. e3 a5 13. Qc2 a4 14. b4 Nb6 15. Na5
Rb8 16. a3 Be4 17. Qe2 Nbd5 18. Rfe1 Ne8 19. Bf1 Bxf3 20. Qxf3 Nd6 21. Rxc6
Nxb4 22. axb4 bxc6 23. Nxc6 Qd7 24. Nxb8 Rxb8 25. Rc1 Rxb4 26. Qa8+ Kg7 27. Ba3
Rb7 28. Bc5 Ne4 29. Bg2 Nxc5 30. dxc5 Rb4 31. Qd5 Qxd5 32. Bxd5 Rb8 33. c6 a3
34. c7 1-0

[Event "XXIX Miedzynarodowy Festiwal Szachowy CRACOVIA-2018 Grupa A"]
[Site "Krakow, Hotel Galaxy, ul. Gesia 22a"]
[Date "2018.??.27"]
[Round "1.69"]
[White "Seemann, Jakub"]
[Black "Bukojemski, Adam"]
[Result "0-1"]
[WhiteElo "1907"]
[BlackElo "2218"]
[PlyCount "106"]
[EventDate "2018.??.??"]

1. e4 c5 2. Nf3 Nc6 3. d4 cxd4 4. Nxd4 Qb6 5. Nb3 Nf6 6. Nc3 e6 7. Bd3 a6 8.
Be3 Qc7 9. f4 b5 10. Qf3 Bb7 11. O-O-O Nb4 12. Kb1 Be7 13. g4 d5 14. e5 d4 15.
Ne4 Nxe4 16. Bxe4 Qxc2+ 17. Bxc2 Bxf3 18. Nxd4 Nxc2 19. Nxc2 O-O 20. Bb6 Rab8
21. Ba5 Rfc8 22. Rhe1 Bxd1 23. Rxd1 Rc4 24. Rd7 Bc5 25. Rc7 Bg1 26. Rxc4 bxc4
27. h3 Bh2 28. Na3 Bxf4 29. Nxc4 Rc8 30. b3 f6 31. exf6 gxf6 32. Kc2 h5 33. Kd3
hxg4 34. hxg4 Kf7 35. Ke4 Bc7 36. Bb6 Kg6 37. Be3 Rh8 38. Bd2 Rh2 39. a4 Rg2
40. b4 Rxg4+ 41. Kd3 Rg1 42. Kc2 Kf5 43. b5 axb5 44. axb5 Ke4 45. b6 Bb8 46.
Bb4 Kd5 47. Ne3+ Kc6 48. Bc3 Rg6 49. Nc4 Kb5 50. Kb3 Rg3 51. Nd2 Kxb6 52. Ne4
Re3 53. Nxf6 Rxc3+ 0-1

[Event "XXIX Miedzynarodowy Festiwal Szachowy CRACOVIA-2018 Grupa A"]
[Site "Krakow, Hotel Galaxy, ul. Gesia 22a"]
[Date "2018.??.27"]
[Round "1.70"]
[White "Moscicka, Pola"]
[Black "Malicka, Maria"]
[Result "1/2-1/2"]
[WhiteElo "1950"]
[BlackElo "2013"]
[PlyCount "120"]
[EventDate "2018.??.??"]

1. d4 Nf6 2. c4 e6 3. g3 d5 4. Nf3 Be7 5. Bg2 O-O 6. Nbd2 c5 7. O-O Nc6 8. e3
b6 9. b3 cxd4 10. exd4 Bb7 11. Bb2 Rc8 12. Ne5 Re8 13. Rc1 Bf8 14. a3 Ne7 15.
b4 Nd7 16. f4 Nf5 17. Qe2 Nxe5 18. fxe5 Qd7 19. c5 Bc6 20. Qf3 Bb5 21. Rf2 g6
22. Bf1 Bxf1 23. Nxf1 bxc5 24. dxc5 a5 25. g4 Ng7 26. Qf4 Re7 27. Nd2 Ne8 28.
Nb3 axb4 29. axb4 Qb5 30. Bc3 Nc7 31. Nd4 Qd3 32. Re2 Nb5 33. Rd2 Nxd4 34. Bxd4
Qb5 35. Be3 Ra7 36. Rf1 Rcc7 37. h4 Ra3 38. Bf2 Rb3 39. Rd4 Rb7 40. Be1 Bg7 41.
Kf2 Ra7 42. Bd2 Raa3 43. Re1 Rf3+ 44. Qxf3 Rxf3+ 45. Kxf3 Bxe5 46. Rxe5 Qf1+
47. Ke3 Qf6 48. Rg5 h6 49. Rgxd5 exd5 50. Kd3 Qa6+ 51. Kc3 Qa3+ 52. Kc2 Qa2+
53. Kd3 Qa6+ 54. Kc3 Qa3+ 55. Kc2 Qa2+ 56. Kd3 Kf8 57. Bxh6+ Ke7 58. Bd2 Kd7
59. Rf4 Qb3+ 60. Ke2 f5 1/2-1/2

[Event "XXIX Miedzynarodowy Festiwal Szachowy CRACOVIA-2018 Grupa A"]
[Site "Krakow, Hotel Galaxy, ul. Gesia 22a"]
[Date "2018.12.27"]
[Round "1.42"]
[White "Kulkarni, Bhakti"]
[Black "Domanski, Lukasz"]
[Result "1-0"]
[WhiteElo "2283"]
[BlackElo "2069"]
[PlyCount "45"]
[EventDate "2018.12.27"]

1. d4 d5 2. c4 dxc4 3. e4 Nc6 4. Be3 Nf6 5. f3 e5 6. d5 Nd4 7. Bxd4 exd4 8.
Qxd4 Bd6 9. Bxc4 Nd7 10. Nc3 Qg5 11. g3 Bc5 12. Qd2 Qf6 13. f4 b5 14. Bxb5 Qb6
15. Bc6 Be3 16. Qc2 Rb8 17. Na4 Qb4+ 18. Ke2 Bd4 19. Kf3 O-O 20. Ne2 Nf6 21. h3
Bb7 22. a3 Qa5 23. Nxd4 1-0

[Event "XXIX Miedzynarodowy Festiwal Szachowy CRACOVIA-2018 Grupa A"]
[Site "Krakow, Hotel Galaxy, ul. Gesia 22a"]
[Date "2018.12.27"]
[Round "1.8"]
[White "Skawinski, Arkadiusz"]
[Black "Flak, Pawel"]
[Result "1-0"]
[WhiteElo "2419"]
[BlackElo "2195"]
[Annotator "Leszek"]
[PlyCount "92"]
[EventDate "2018.??.??"]

1. e4 Nf6 2. e5 Nd5 3. Nc3 c6 4. Nxd5 cxd5 5. d4 d6 6. f4 Bf5 7. Bd3 Bxd3 8.
Qxd3 dxe5 9. fxe5 e6 10. Nf3 Be7 11. O-O O-O 12. Bf4 Nc6 13. c3 Rb8 14. Rae1 b5
15. a3 Na5 16. h4 h6 17. h5 Nc4 18. Re2 a5 19. Nh2 Bg5 20. Ng4 Bxf4 21. Rxf4
Qg5 22. Qf3 Kh8 23. Nf2 b4 24. Nh3 Qe7 25. axb4 axb4 26. Rf2 bxc3 27. bxc3 Rb7
28. Rg4 Qa3 29. Nf4 Rfb8 30. Kh2 Qc1 31. Ne2 Qe1 32. Ng3 Qe3 33. Qxe3 Nxe3 34.
Rgf4 Rf8 35. Re2 Nd1 36. Rf3 Rc8 37. Rc2 Kg8 38. Ne2 Nb2 39. Rf1 Nc4 40. Ra1
Ne3 41. Rca2 Kh7 42. Kg3 Rcb8 43. Ra7 Rb2 44. Kf3 Nxg2 45. Rxf7 Kg8 46. Raa7
Rf8 {Zapis nieczytelny} 1-0